Städte Thüringens - Statistiken

Allgemein
  • Dieses Quiz wurde 202 mal gespielt
  • Das Durchschnittsergebnis liegt bei 10 aus 15
Antwortstatistiken
Hint Antwort % Korrekt
Kreisfreie Stadt Erfurt
93%
Kreisfreie Stadt Jena
93%
Kreisfreie Stadt Gera
88%
Kreisfreie Stadt Eisenach
78%
Kreisfreie Stadt Weimar
78%
Kreisfreie Stadt Suhl
76%
Ilm-Kreis Ilmenau
69%
----- Gotha
66%
----- Meiningen
62%
----- Nordhausen
59%
----- Saalfeld
56%
----- Altenburg
54%
Unstrut-Hainich-Kreis Mühlhausen
50%
Ilm-Kreis Arnstadt
49%
----- Rudolstadt
47%
Keine übereinstimmenden Quizze gefunden
Verteilung der Resultate
Anzahl Personen mit jedem Resultat
Perzentil nach korrekt beantworteten Fragen
Ihre Resultats-Entwicklung
Sie haben dieses Quiz noch nicht gespielt